Essays: (Record no. 184474)

MARC details
000 -LEADER
fixed length control field 00562nam a22001817a 4500
005 - DATE AND TIME OF LATEST TRANSACTION
control field 20220120163107.0
010 ## - LCCN (DPL NO)
LC control number ENG-131285
020 ## - INTERNATIONAL STANDARD BOOK NUMBER
International Standard Book Number 978-93-5322-883-5
Terms of availability 325.00
035 ## - SYSTEM CONTROL NUMBER
System control number EN-114817
037 ## - SOURCE OF ACQUISITION
Source of stock number/acquisition DBAD
082 ## - DEWEY DECIMAL CLASSIFICATION NUMBER
Classification number 808.88
100 ## - MAIN ENTRY--PERSONAL NAME
Personal name Ramaswamy, B.
245 ## - TITLE STATEMENT
Title Essays:
Statement of responsibility, etc B. Ramaswamy
Remainder of title For Civil Services Examinations/
260 ## - PUBLICATION, DISTRIBUTION, ETC. (IMPRINT)
Place of publication, distribution, etc New Delhi
Name of publisher, distributor, etc Prabhat Exam
Date of publication, distribution, etc 2022
270 ## - ADDRESS
City New Delhi
Address 4/19, Asaf Ali Road
Postal code 110002
Telephone number 23289555, 23289666
Electronic mail address prabhatbook@gmail.com
300 ## - PHYSICAL DESCRIPTION
Extent 414p.
Dimensions 24cm(pbk)
942 ## - ADDED ENTRY ELEMENTS (KOHA)
Source of classification or shelving scheme Dewey Decimal Classification
Item type English Books
Classification part 808.88
Call number suffix RAM
Holdings
Withdrawn status Lost status Not for loan Collection code Home library Current library Date acquired Source of acquisition Cost, normal purchase price Full call number Barcode Copy number Cost, replacement price Koha item type
      Non-fiction Bawana Bawana 20/01/2022 DBAD/PUB 325.00 808.88 RAM EN-114817 1 325.00 English Books

© Delhi Public Library
Hit Counter
free hit counter